000 00452nam a22001817a 4500
003 MPLRDC
005 20220104124518.0
008 210129b ||||| |||| 00| 0 eng d
082 _a308 XSJ v.2 c.2
100 _a新世纪编辑小组
245 _a太阳系
_c
250 _a再版
260 _a
_b银禾文化事业有限公司
_c1983
300 _b
490 _a新世纪丛书. 2
650 _a科学丛书
942 _cBK
_o308 XSJ v.2 c.2
999 _c19922
_d19912